La profession de foi d'Ibn Baṭṭa : traditionniste et jurisconsulte musulman d'école hanbalite, mort en Irak à ʻUkbarâ en 387/997 /

محفوظ في:

المؤلف الرئيسي: Ibn Baṭṭah, ʻUbayd Allāh ibn Muḥammad, 917-997 (مؤلف)

مؤلفون آخرون: Laoust, Henri (ed. and tr.)

التنسيق: كتاب

اللغة: French

منشور في: Damas : Institut français de Damas, 1958.

الموضوعات:

الوسوم: إضافة وسم

لا توجد وسوم, كن أول من يضع وسما على هذه التسجيلة!

رقم الطلب: BP160 .I16 1958

LEADER 01191nam a2200289I 4500
001 5471
003 OSt
005 20250924114908.0
008 130303s1958 sy fh b 000 0 fre d
010 |a 59037372 
040 |c ARCE Library 
050 4 |a BP160 .I16 1958 
100 1 |a Ibn Baṭṭah, ʻUbayd Allāh ibn Muḥammad,  |d 917-997,  |e author 
245 1 3 |a La profession de foi d'Ibn Baṭṭa :   |b traditionniste et jurisconsulte musulman d'école hanbalite, mort en Irak à ʻUkbarâ en 387/997 /   |c [Par] Henri Laoust. 
246 3 |a Sharḥ wa-al-ibānah ʻalā uṣūl al-sunnah wa-al-diyānah. 
264 1 |a Damas :  |b Institut français de Damas,  |c 1958. 
300 |a clii, 202, 92 pages :  |b 4 plates (facsimiles) ;  |c 26 cm. 
500 |a Added t.p. (romanized:) Kitāb al-Sharh wa al-ibānah ʻalā uṣūl al-sunnah wa al-diyānah li-Ibn Baṭṭah. 
504 |a Bibliography : pages [cxxxix]-cxiv. 
546 |a Includes Arabic text and French translation. 
650 0 |a Islam. 
650 0 |a Hanbalites. 
700 1 |a Laoust, Henri,   |e ed. and tr. 
740 0 |a Sharḥ wa-al-ibānah ʻalā uṣūl al-sunnah wa-al-diyānah. 
901 |a reviewed 
942 |c BK  |2 lcc 
999 |c 9385  |d 9385